00759nam a22002057a 450000500170000000800410001702000180005804100080007608200160008410000170010024500480011725000080016526000390017330000230021265000740023570000210030994200070033099900170033795201990035420250401145858.0250401b        |||||||| |||| 00| 0 eng d  a9781944660635  aeng  a658.812 SOM  aSoman, Dilip  aManaging Customer Value: One Step at a Time  a2nd  aNew JerseybWorld Scientificc2022  a389;. pages: 23 cm  aCustomer Relations-Management; Marketing-Management. Customer Loyalty  aMarandi, Sara N.  cBK  c43503d43503  00102ddc4070aIMTNbIMTNcRack 37-Ad2025-03-26eRaghav Books Private Limitedg1495.00i2374l0o658.812 SOMp33787r2025-04-01 00:00:00t30w2025-02-14yBKzDr. Mantha Raghu (Head Librarian)